Normal view
MARC view
- تأليف الجاحظ،أبو عثمان عمر بن بحر بن محبوب ؛ قدم لها وبوبها وشرحها علي أبو ملحم
Entry Personal Name
001 - CONTROL NUMBER
- control field: 22962
003 - CONTROL NUMBER IDENTIFIER
- control field: JO-AjAnu
005 - DATE AND TIME OF LATEST TRANSACTION
- control field: 20230606073944.0
008 - FIXED-LENGTH DATA ELEMENTS
- fixed length control field: 230606|| aca||aabn | a|a d
040 ## - CATALOGING SOURCE
- Original cataloging agency: JO-AjAnu
- Transcribing agency: JO-AjAnu
100 ## - HEADING--PERSONAL NAME
- Personal name: تأليف الجاحظ،أبو عثمان عمر بن بحر بن محبوب ؛ قدم لها وبوبها وشرحها علي أبو ملحم
670 ## - SOURCE DATA FOUND
- Source citation: Work cat.: (JO-AjAnu)11801: تأليف الجاحظ،أبو عثمان عمر بن بحر بن محبوب ؛ قدم لها وبوبها وشرحها علي أبو ملحم, author, البيان والتبيين للجاحظ أبي عثمان عمرو بن بحر بن محبوب المجلد الأول